[Event "FIRST SATURDAY  GM MARCH 2013"]
[Site "Budapest"]
[Date "2013.03.02"]
[Round "1.1"]
[White "Kalegin, Evgenij"]
[Black "Duda, Jan-Krzysztof"]
[Result "0-1"]
[WhiteElo "2462"]
[BlackElo "2468"]
[PlyCount "148"]
[EventDate "2013.03.02"]

1. e4 c5 2. Nf3 d6 3. c3 Nf6 4. h3 Nbd7 5. Bd3 b6 6. O-O Bb7 7. Re1 Rc8 8. b3
g6 9. Bc2 Qc7 10. a4 Bg7 11. Na3 O-O 12. d4 d5 13. Nb5 Qb8 14. e5 Ne4 15. Ng5
a6 16. Nxe4 dxe4 17. Na3 cxd4 18. cxd4 Rfd8 19. Qe2 Nf8 20. Bxe4 Rxd4 21. Bxb7
Qxb7 22. Nc4 b5 23. Be3 Re4 24. axb5 axb5 25. Nb6 Rc6 26. Qxb5 Rxe5 27. Qa6
Qxa6 28. Rxa6 f5 29. Rd1 Rb5 30. g3 Rxb3 31. Ra7 Rxe3 32. Nd5 Re5 33. Nxe7+
Rxe7 34. Rxe7 Bf6 35. Rb7 Re6 36. h4 h5 37. Kf1 Be7 38. Re1 Kf7 39. Rxe6 Kxe6
40. Kg2 Nd7 41. Rb1 Nc5 42. Re1+ Kf7 43. Ra1 Bd6 44. Rd1 Ke6 45. Re1+ Kf6 46.
Rd1 Be5 47. Rb1 Ne4 48. Rb6+ Kg7 49. Rb7+ Kh6 50. Re7 Bd4 51. f3 Nc3 52. Rd7
Bg7 53. Kf2 Bf6 54. Ke3 f4+ 55. gxf4 Bxh4 56. Kd3 Nd1 57. Ke2 Nf2 58. Rd6 Nh1
59. Kf1 Ng3+ 60. Kg2 Nf5 61. Ra6 Kg7 62. Ra7+ Be7 63. Kh3 Kf6 64. Ra4 Ng7 65.
Ra6+ Ne6 66. Kg3 Bd8 67. Kh4 Kf5+ 68. Kg3 Bc7 69. Rc6 Bxf4+ 70. Kg2 Be5 71. Rc4
Nf4+ 72. Kg3 Bd4 73. Rc8 Bg1 74. Ra8 h4+ 0-1

[Event "FIRST SATURDAY  GM MARCH 2013"]
[Site "Budapest"]
[Date "2013.03.02"]
[Round "1.3"]
[White "Gonda, Laszlo"]
[Black "Vishnu, Prasanna. V"]
[Result "1/2-1/2"]
[WhiteElo "2538"]
[BlackElo "2483"]
[PlyCount "120"]
[EventDate "2013.03.02"]

1. Nf3 Nf6 2. c4 e6 3. g3 d5 4. Bg2 dxc4 5. Qa4+ Nbd7 6. Qxc4 a6 7. Qb3 Rb8 8.
a4 Nc5 9. Qc2 Qd5 10. Ra3 e5 11. Nc3 Qd6 12. O-O Be7 13. b4 Ne6 14. b5 O-O 15.
e3 Re8 16. Ra1 c5 17. bxc6 bxc6 18. Ba3 c5 19. Rfb1 Bd7 20. Rxb8 Rxb8 21. Rb1
Bc6 22. Nh4 Rxb1+ 23. Nxb1 g6 24. Bxc6 Qxc6 25. d3 e4 26. d4 Qd5 27. Nd2 Kf8
28. dxc5 Nxc5 29. Ng2 g5 30. Ne1 Kg7 31. Bxc5 Bxc5 32. Qc3 Bb6 33. Nc4 Bc7 34.
Qd4 Qxd4 35. exd4 Nd5 36. Nc2 Kf6 37. Nd2 Nc3 38. Nb4 a5 39. Nxe4+ Kf5 40. Nxc3
axb4 41. Nb5 b3 42. Kf1 b2 43. Na3 Ke4 44. Ke2 Kxd4 45. Kd2 Ke4 46. Kc2 Kf3 47.
Nb5 Bb8 48. a5 Kxf2 49. a6 Kg2 50. Nd6 Kxh2 51. Nxf7 Kxg3 52. Nxg5 h5 53. Kxb2
h4 54. Kc2 Ba7 55. Kd3 Kg4 56. Ke2 Kxg5 57. Kf3 Kf5 58. Kg2 Kg4 59. Kh2 h3 60.
Kh1 Kg3 1/2-1/2

[Event "FIRST SATURDAY  GM MARCH 2013"]
[Site "Budapest"]
[Date "2013.03.02"]
[Round "1.4"]
[White "Hujbert, Florian"]
[Black "Arjun, Bharat"]
[Result "1-0"]
[WhiteElo "2429"]
[BlackElo "2294"]
[PlyCount "51"]
[EventDate "2013.03.02"]

1. d4 d5 2. c4 c6 3. Nf3 Nf6 4. Nc3 dxc4 5. a4 Bf5 6. Nh4 Bg4 7. h3 Bh5 8. g4
Bg6 9. Nxg6 hxg6 10. e4 e5 11. Bxc4 exd4 12. e5 Bb4 13. exf6 dxc3 14. Qxd8+
Kxd8 15. O-O gxf6 16. bxc3 Bd6 17. Bxf7 Rxh3 18. Re1 Kc7 19. Re8 Rxc3 20. Bxg6
a5 21. Bf5 Rb3 22. Be3 b5 23. Rd1 Bb4 24. axb5 cxb5 25. Bf4+ Kb6 26. Be4 1-0

[Event "FIRST SATURDAY  GM MARCH 2013"]
[Site "Budapest"]
[Date "2013.03.02"]
[Round "1.5"]
[White "Czebe, Attila"]
[Black "Varga, Zoltan"]
[Result "1/2-1/2"]
[WhiteElo "2492"]
[BlackElo "2446"]
[PlyCount "52"]
[EventDate "2013.03.02"]

1. e4 Nf6 2. e5 Nd5 3. d4 d6 4. c4 Nb6 5. exd6 cxd6 6. Nc3 g6 7. Be3 Bg7 8. Rc1
O-O 9. b3 e5 10. dxe5 dxe5 11. Qxd8 Rxd8 12. c5 N6d7 13. Nf3 Nc6 14. Bc4 Na5
15. Bg5 Nxc4 16. Bxd8 Nb2 17. O-O Nd3 18. Rcd1 N7xc5 19. Be7 Bf5 20. Nh4 Be6
21. b4 e4 22. Nxe4 Nxe4 23. Rxd3 Bc4 24. Rd7 Bxf1 25. Kxf1 b5 26. Nf3 h6
1/2-1/2

[Event "FIRST SATURDAY  GM MARCH 2013"]
[Site "Budapest"]
[Date "2013.03.04"]
[Round "2.1"]
[White "Duda, Jan-Krzysztof"]
[Black "Varga, Zoltan"]
[Result "1-0"]
[WhiteElo "2468"]
[BlackElo "2446"]
[PlyCount "77"]
[EventDate "2013.03.02"]

1. e4 Nf6 2. e5 Nd5 3. d4 d6 4. c4 Nb6 5. exd6 cxd6 6. Nc3 g6 7. Be3 Bg7 8. Rc1
O-O 9. b3 Nc6 10. d5 Ne5 11. Be2 f5 12. f4 Ng4 13. Bxg4 fxg4 14. Nge2 e5 15.
dxe6 Bxe6 16. O-O Qe7 17. Bd4 Bh6 18. Qd2 Rae8 19. Rce1 Qd8 20. Ng3 d5 21. c5
Nc8 22. b4 a6 23. a4 Qd7 24. Be5 Rf7 25. Nce2 Bf8 26. f5 Bxf5 27. Nf4 a5 28.
Nxd5 Rxe5 29. Rxe5 Bg7 30. Re2 axb4 31. Ne4 Qxa4 32. Nd6 Nxd6 33. cxd6 b3 34.
Ne7+ Kf8 35. Nxf5 gxf5 36. Rc1 Qd4+ 37. Kh1 Rd7 38. Rc8+ Kf7 39. Qxd4 1-0

[Event "FIRST SATURDAY  GM MARCH 2013"]
[Site "Budapest"]
[Date "2013.03.04"]
[Round "2.2"]
[White "Arjun, Bharat"]
[Black "Czebe, Attila"]
[Result "1/2-1/2"]
[WhiteElo "2294"]
[BlackElo "2492"]
[PlyCount "45"]
[EventDate "2013.03.02"]

1. Nf3 d6 2. d4 Bg4 3. c4 c6 4. Nc3 Nd7 5. e4 e5 6. Be2 Be7 7. O-O Bxf3 8. Bxf3
Bg5 9. Bxg5 Qxg5 10. d5 c5 11. Qb3 Ngf6 12. Qxb7 O-O 13. Qb3 Rab8 14. Qc2 Ne8
15. a3 g6 16. b4 cxb4 17. axb4 Rxb4 18. Rxa7 Nc5 19. Na4 Nb3 20. Qc3 Nd4 21.
Qxb4 Nxf3+ 22. Kh1 Qf4 23. g3 1/2-1/2

[Event "FIRST SATURDAY  GM MARCH 2013"]
[Site "Budapest"]
[Date "2013.03.04"]
[Round "2.3"]
[White "Vishnu, Prasanna. V"]
[Black "Hujbert, Florian"]
[Result "0-1"]
[WhiteElo "2483"]
[BlackElo "2429"]
[PlyCount "80"]
[EventDate "2013.03.02"]

1. e4 c5 2. Nf3 g6 3. c3 Bg7 4. d4 cxd4 5. cxd4 d5 6. e5 Nh6 7. h3 O-O 8. Nc3
Nc6 9. Bb5 Bf5 10. Be3 Be4 11. g4 f6 12. O-O Nf7 13. exf6 exf6 14. Ne1 f5 15.
f3 f4 16. Bf2 Ng5 17. Kh2 Kh8 18. h4 Nxf3+ 19. Nxf3 Bxf3 20. Qxf3 Nxd4 21. Qd3
f3 22. Kh3 Ne6 23. Bg3 a6 24. Ba4 Nc5 25. Qc2 Rc8 26. Rad1 d4 27. Qf2 h5 28. g5
Nxa4 29. Ne4 Qd7+ 30. Kh2 d3 31. Nf6 Qf5 32. Qd4 Rc2+ 33. Rf2 Nxb2 34. Rdf1 Re2
35. Bd6 Rxf6 36. gxf6 Bxf6 37. Qb4 Re4 38. Rxf3 Rxb4 39. Rxf5 Rxh4+ 40. Kg3
Rg4+ 0-1

[Event "FIRST SATURDAY  GM MARCH 2013"]
[Site "Budapest"]
[Date "2013.03.04"]
[Round "2.4"]
[White "Manca, Federico"]
[Black "Gonda, Laszlo"]
[Result "0-1"]
[WhiteElo "2411"]
[BlackElo "2538"]
[PlyCount "62"]
[EventDate "2013.03.02"]

1. e4 e5 2. Nf3 Nc6 3. Bb5 a6 4. Ba4 Nge7 5. O-O g6 6. c3 Bg7 7. d4 exd4 8.
cxd4 b5 9. Bb3 O-O 10. Nc3 Na5 11. Bc2 d6 12. h3 Bb7 13. Re1 Qd7 14. d5 Rac8
15. Ne2 c6 16. dxc6 Nexc6 17. a3 Rfe8 18. Rb1 Nd8 19. Ng3 Ne6 20. b3 Qc7 21.
Re2 Nc6 22. Be3 Red8 23. Rd2 Ne7 24. Ng5 Nf8 25. Bf4 Be5 26. Qf3 Nc6 27. Qe3
Nd4 28. Rxd4 Qxc2 29. Rbd1 Bxd4 30. Qxd4 h6 31. Nf3 Ne6 0-1

[Event "FIRST SATURDAY  GM MARCH 2013"]
[Site "Budapest"]
[Date "2013.03.04"]
[Round "2.5"]
[White "Kalegin, Evgenij"]
[Black "Grimm, Daniel"]
[Result "1-0"]
[WhiteElo "2462"]
[BlackElo "2221"]
[PlyCount "51"]
[EventDate "2013.03.02"]

1. e4 c5 2. Nf3 Nc6 3. Bb5 Nf6 4. Nc3 Qc7 5. O-O Nd4 6. Re1 Nxb5 7. Nxb5 Qa5 8.
c4 a6 9. Nc3 d6 10. d4 cxd4 11. Qxd4 e5 12. Qd3 Be7 13. Bg5 O-O 14. Bxf6 Bxf6
15. Nd5 Bd8 16. a4 Qc5 17. b4 Qa7 18. Ne3 Bc7 19. Nf5 Be6 20. Ng5 h6 21. Ne7+
Kh8 22. Nxe6 fxe6 23. Ng6+ Kg8 24. Nxf8 Rxf8 25. c5 dxc5 26. Qc4 1-0

[Event "FIRST SATURDAY  GM MARCH 2013"]
[Site "Budapest"]
[Date "2013.03.05"]
[Round "3.1"]
[White "Grimm, Daniel"]
[Black "Duda, Jan-Krzysztof"]
[Result "0-1"]
[WhiteElo "2221"]
[BlackElo "2468"]
[PlyCount "84"]
[EventDate "2013.03.02"]

1. e4 c5 2. Nf3 d6 3. d4 cxd4 4. Nxd4 Nf6 5. Nc3 a6 6. Be3 e5 7. Nb3 Be6 8. Qd2
Nbd7 9. O-O-O b5 10. f4 Rc8 11. Kb1 Be7 12. f5 Bc4 13. Rg1 Ng4 14. Bxc4 Rxc4
15. Qe2 Rxc3 16. bxc3 Nxe3 17. Qxe3 Nb6 18. Rd3 O-O 19. Rgd1 Qc7 20. f6 Bxf6
21. Rxd6 Na4 22. R1d3 Bh4 23. Rxa6 h6 24. Qa7 Qc4 25. Qb7 Nxc3+ 26. Rxc3 Qxc3
27. Qc6 Qe1+ 28. Kb2 b4 29. a4 bxa3+ 30. Rxa3 Qf2 31. Ra8 Be7 32. Rxf8+ Bxf8
33. Qe8 g6 34. g3 Qe3 35. Qc6 Qe2 36. h4 Qe3 37. g4 Qf4 38. h5 Qxg4 39. hxg6
Qxg6 40. Qd5 h5 41. c4 h4 42. c5 h3 0-1

[Event "FIRST SATURDAY  GM MARCH 2013"]
[Site "Budapest"]
[Date "2013.03.05"]
[Round "3.2"]
[White "Gonda, Laszlo"]
[Black "Kalegin, Evgenij"]
[Result "1-0"]
[WhiteElo "2538"]
[BlackElo "2462"]
[PlyCount "103"]
[EventDate "2013.03.02"]

1. d4 Nf6 2. Nf3 g6 3. c4 Bg7 4. Nc3 O-O 5. e4 d6 6. Be2 e5 7. O-O exd4 8. Nxd4
Re8 9. f3 Nc6 10. Be3 Nh5 11. Nc2 f5 12. Qd2 Nf6 13. Bg5 Ne5 14. exf5 Bxf5 15.
Ne3 Be6 16. Ned5 Nf7 17. Bh4 c6 18. Nxf6+ Bxf6 19. Bxf6 Qxf6 20. Rfe1 Qg5 21.
Qxg5 Nxg5 22. Rad1 Rad8 23. Kf2 Kg7 24. Rd4 Nf7 25. Red1 b6 26. f4 h5 27. b3
Bf5 28. Bf3 Rc8 29. Ne2 a6 30. Ng3 Kf6 31. h3 Rc7 32. Nxf5 Kxf5 33. g4+ hxg4
34. hxg4+ Kf6 35. g5+ Kg7 36. Re4 Rxe4 37. Bxe4 d5 38. cxd5 Nd6 39. Bb1 cxd5
40. Rxd5 Rc6 41. Bd3 a5 42. Ke3 Kf7 43. Kd4 Nc8 44. Bc4 Kf8 45. Rd7 Ne7 46.
Rd8+ Kg7 47. Bd3 Kf7 48. a3 Rc5 49. Rd6 Nf5+ 50. Bxf5 Rxf5 51. Ke4 b5 52. Rd5
1-0

[Event "FIRST SATURDAY  GM MARCH 2013"]
[Site "Budapest"]
[Date "2013.03.05"]
[Round "3.4"]
[White "Czebe, Attila"]
[Black "Vishnu, Prasanna. V"]
[Result "0-1"]
[WhiteElo "2492"]
[BlackElo "2483"]
[PlyCount "36"]
[EventDate "2013.03.02"]

1. c4 e5 2. Nc3 Bb4 3. Nd5 Be7 4. d4 d6 5. g3 Nf6 6. Nxe7 Qxe7 7. Bg2 O-O 8.
Nf3 c5 9. dxe5 dxe5 10. O-O e4 11. Ng5 Nc6 12. Bd2 b6 13. Qc1 Nd4 14. Re1 h6
15. Nh3 Bg4 16. Nf4 g5 17. f3 gxf4 18. fxg4 e3 0-1

[Event "FIRST SATURDAY  GM MARCH 2013"]
[Site "Budapest"]
[Date "2013.03.05"]
[Round "3.5"]
[White "Varga, Zoltan"]
[Black "Arjun, Bharat"]
[Result "1-0"]
[WhiteElo "2446"]
[BlackElo "2294"]
[PlyCount "107"]
[EventDate "2013.03.02"]

1. e4 c5 2. Nf3 d6 3. d4 cxd4 4. Nxd4 Nf6 5. f3 e5 6. Bb5+ Nbd7 7. Nf5 d5 8.
exd5 a6 9. Bxd7+ Bxd7 10. Ne3 Bc5 11. Nc3 O-O 12. Qd3 Rc8 13. Bd2 b5 14. a3 Qb6
15. O-O Bd4 16. Kh1 a5 17. Rfe1 g6 18. Ncd1 Nh5 19. c3 Nf4 20. Qb1 Bc5 21. b4
axb4 22. axb4 Be7 23. Nb2 Qb7 24. Nd3 Bd6 25. Nxf4 exf4 26. Nc2 Qxd5 27. Rd1
Qb7 28. Nd4 Rc4 29. Nb3 Rcc8 30. Be1 Qc7 31. Qd3 Be6 32. Nd4 Bc4 33. Nxb5 Bxd3
34. Nxc7 Be2 35. Rd2 Bc4 36. Nd5 Rc6 37. Bf2 Bxd5 38. Rxd5 Be7 39. Bd4 Bf6 40.
b5 Re6 41. Bxf6 Rxf6 42. c4 Re6 43. c5 Rfe8 44. h4 Re2 45. Rc1 Rf2 46. c6 Ree2
47. c7 Rxg2 48. c8=Q+ Kg7 49. Qh3 Rg3 50. Qf1 Re3 51. Rd3 Re5 52. Rd2 g5 53. b6
Re3 54. Rf2 1-0

[Event "FIRST SATURDAY  GM MARCH 2013"]
[Site "Budapest"]
[Date "2013.03.06"]
[Round "4.1"]
[White "Duda, Jan-Krzysztof"]
[Black "Arjun, Bharat"]
[Result "1-0"]
[WhiteElo "2468"]
[BlackElo "2294"]
[PlyCount "119"]
[EventDate "2013.03.02"]

1. d4 d5 2. c4 c6 3. Nc3 Nf6 4. e3 Bf5 5. Nf3 e6 6. Nh4 Bg6 7. Nxg6 hxg6 8. Bd3
Nbd7 9. O-O Be7 10. Bd2 Qc7 11. g3 O-O 12. Qe2 Rad8 13. Rfd1 Rfe8 14. Rac1 Bf8
15. Be1 Qb8 16. Qc2 Rc8 17. Qb3 Nb6 18. cxd5 exd5 19. a4 Bd6 20. Bf1 Nbd7 21.
a5 a6 22. Qc2 Re7 23. Na4 Ne4 24. b4 Ree8 25. Bh3 f5 26. Nc5 Bxc5 27. bxc5 Rc7
28. Rb1 Nf8 29. Rb4 Ree7 30. Bg2 Qe8 31. h3 Nf6 32. Qd3 Ne6 33. Kf1 Rcd7 34.
Rdb1 Kf7 35. f3 Qh8 36. R1b2 Ng5 37. Qb1 Qb8 38. Bf2 Qc7 39. Qe1 Qb8 40. Kg1
Ne6 41. Qb1 Qc8 42. Bf1 Ng8 43. Kg2 Nh6 44. Bd3 Qc7 45. g4 Qxa5 46. Rxb7 Rxb7
47. Rxb7 Qc3 48. Rxe7+ Kxe7 49. Qb7+ Kf6 50. g5+ Nxg5 51. Qxc6+ Ne6 52. Bxa6
Nf7 53. Bc8 Nfd8 54. Qxd5 f4 55. e4 g5 56. Bxe6 Nxe6 57. Qf5+ Ke7 58. d5 Nxc5
59. d6+ Kxd6 60. Qd5+ 1-0

[Event "FIRST SATURDAY  GM MARCH 2013"]
[Site "Budapest"]
[Date "2013.03.06"]
[Round "4.3"]
[White "Manca, Federico"]
[Black "Czebe, Attila"]
[Result "1/2-1/2"]
[WhiteElo "2411"]
[BlackElo "2492"]
[PlyCount "66"]
[EventDate "2013.03.02"]

1. e4 g6 2. d4 Bg7 3. Nc3 d6 4. Be3 a6 5. f4 b5 6. Nf3 Bb7 7. Bd3 Nd7 8. e5 Nh6
9. Qe2 Nb6 10. a4 b4 11. Ne4 O-O 12. a5 Nd5 13. Bd2 f6 14. O-O Qd7 15. c4 bxc3
16. bxc3 fxe5 17. fxe5 Nf4 18. Bxf4 Rxf4 19. Nfg5 Rf5 20. Rab1 Rxf1+ 21. Rxf1
Bxe4 22. Bxe4 d5 23. Bd3 Qa4 24. Qc2 Qxc2 25. Bxc2 Ng4 26. Rb1 Bh6 27. h4 c5
28. Bb3 e6 29. Bd1 Bxg5 30. Bxg4 Be3+ 31. Kh2 Re8 32. Rb6 cxd4 33. Rxe6 Rxe6
1/2-1/2

[Event "FIRST SATURDAY  GM MARCH 2013"]
[Site "Budapest"]
[Date "2013.03.06"]
[Round "4.4"]
[White "Kalegin, Evgenij"]
[Black "Hujbert, Florian"]
[Result "0-1"]
[WhiteElo "2462"]
[BlackElo "2429"]
[PlyCount "136"]
[EventDate "2013.03.02"]

1. e4 c5 2. Nf3 g6 3. c3 Bg7 4. d4 cxd4 5. cxd4 d5 6. e5 Bg4 7. Bb5+ Nd7 8. O-O
e6 9. h3 Bxf3 10. Qxf3 a6 11. Bd3 Ne7 12. Nc3 Nc6 13. Ne2 O-O 14. Qg3 Qb6 15.
Be3 f6 16. exf6 Nxf6 17. a3 Rae8 18. b4 Qd8 19. Qh4 e5 20. dxe5 Nxe5 21. Rad1
Ne4 22. Qxd8 Rxd8 23. Bxe4 dxe4 24. Ng3 Nc4 25. Bc1 e3 26. Bxe3 Nxe3 27. fxe3
Rxf1+ 28. Rxf1 Rd3 29. Kf2 Rxa3 30. Rd1 Rb3 31. Rd8+ Bf8 32. Ne4 Rxb4 33. Ng5
Rb5 34. h4 Re5 35. g4 Re7 36. Kf3 h6 37. Ne4 Rf7+ 38. Ke2 Kg7 39. g5 Be7 40.
Rd7 hxg5 41. hxg5 Bb4 42. Rd8 Rc7 43. Nf6 Be7 44. Ne8+ Kf7 45. Rb8 Rd7 46. e4
Bxg5 47. e5 Be7 48. Ke3 a5 49. Ke4 a4 50. Rc8 a3 51. Nc7 a2 52. e6+ Kg7 53.
Ne8+ Kh6 54. Rc1 Rd2 55. Rh1+ Kg5 56. Rg1+ Kh4 57. Kf3 Rf2+ 58. Ke4 Rb2 59.
Rh1+ Kg3 60. Rg1+ Kf2 61. Rh1 Kg2 62. Rd1 b5 63. Nc7 b4 64. Nd5 b3 65. Ne3+ Kh2
66. Kf3 Rb1 67. Ng4+ Kh3 68. Rd4 Rf1+ 0-1

[Event "FIRST SATURDAY  GM MARCH 2013"]
[Site "Budapest"]
[Date "2013.03.06"]
[Round "4.5"]
[White "Grimm, Daniel"]
[Black "Gonda, Laszlo"]
[Result "0-1"]
[WhiteElo "2221"]
[BlackElo "2538"]
[PlyCount "68"]
[EventDate "2013.03.02"]

1. e4 e5 2. Nf3 Nc6 3. Bb5 a6 4. Ba4 Nf6 5. d3 d6 6. c4 g6 7. h3 Bg7 8. Nc3 Nd7
9. Bxc6 bxc6 10. Bg5 f6 11. Be3 c5 12. Qd2 Nf8 13. O-O Ne6 14. Nh2 O-O 15. Ne2
f5 16. exf5 gxf5 17. f4 Bb7 18. Rab1 a5 19. Nf3 Nd4 20. Bxd4 cxd4 21. c5 Bd5
22. b3 Kh8 23. Rbc1 Rg8 24. Rf2 Ra6 25. Kh2 Qe8 26. Re1 Qg6 27. cxd6 cxd6 28.
Rc1 Ra7 29. Rg1 Qe8 30. fxe5 dxe5 31. Nh4 f4 32. Nf5 Qe6 33. Nxg7 Raxg7 34.
Qxa5 Rg3 0-1

[Event "FIRST SATURDAY  GM MARCH 2013"]
[Site "Budapest"]
[Date "2013.03.07"]
[Round "5.1"]
[White "Gonda, Laszlo"]
[Black "Duda, Jan-Krzysztof"]
[Result "0-1"]
[WhiteElo "2538"]
[BlackElo "2468"]
[PlyCount "128"]
[EventDate "2013.03.02"]

1. d4 d5 2. c4 e6 3. Nf3 c6 4. e3 Nf6 5. b3 b6 6. Bd3 Bb7 7. Nc3 dxc4 8. bxc4
Bb4 9. Bb2 c5 10. O-O O-O 11. a3 Bxc3 12. Bxc3 Nbd7 13. Qe2 Rc8 14. Rfd1 Qc7
15. Rac1 Rfd8 16. d5 exd5 17. Bf5 d4 18. exd4 Re8 19. Qd3 Be4 20. Bxe4 Nxe4 21.
d5 Qf4 22. g3 Qf5 23. Rc2 Nd6 24. Qxf5 Nxf5 25. d6 f6 26. Rd5 Nh6 27. h4 Ng4
28. Kg2 Re4 29. Nd2 Re6 30. Kf3 Nge5+ 31. Bxe5 Rxe5 32. Rxe5 Nxe5+ 33. Ke4 Rd8
34. Kd5 Nf7 35. Kc6 Rxd6+ 36. Kb7 Rd7+ 37. Ka6 Ne5 38. Nf1 Nc6 39. Rd2 Nb8+ 40.
Kb5 Rb7 41. Rd6 Kf7 42. Ne3 Kg6 43. Rd8 a6+ 44. Ka4 Nc6 45. Ra8 b5+ 46. Kb3 Rb6
47. Nd5 Nd4+ 48. Kc3 Rd6 49. Rc8 Ne6 50. Ne7+ Kf7 51. Nd5 f5 52. Ra8 h5 53.
Ra7+ Kg6 54. f4 Kh6 55. Nc7 Nxc7 56. Rxc7 bxc4 57. Kxc4 Rg6 58. Rxc5 Rxg3 59.
Ra5 Rf3 60. Rxa6+ g6 61. Kd5 Rxf4 62. Ke5 Rxh4 63. Kf6 Rc4 64. a4 f4 0-1

[Event "FIRST SATURDAY  GM MARCH 2013"]
[Site "Budapest"]
[Date "2013.03.07"]
[Round "5.2"]
[White "Hujbert, Florian"]
[Black "Grimm, Daniel"]
[Result "1-0"]
[WhiteElo "2429"]
[BlackElo "2221"]
[PlyCount "57"]
[EventDate "2013.03.02"]

1. d4 d5 2. c4 c6 3. Nf3 Nf6 4. Nbd2 e6 5. e3 Nbd7 6. b3 Bd6 7. Bb2 O-O 8. Bd3
Qe7 9. O-O b6 10. Qe2 Bb7 11. Rad1 a5 12. e4 dxe4 13. Nxe4 Ba3 14. Ba1 Rfd8 15.
Ng3 a4 16. Ne5 axb3 17. axb3 c5 18. Nxd7 Rxd7 19. dxc5 Bxc5 20. Bxf6 gxf6 21.
Qh5 Rxd3 22. Rxd3 f5 23. Qh6 Kh8 24. Nh5 Rg8 25. Rg3 Rg6 26. Rxg6 fxg6 27. Nf4
Kg8 28. Rd1 Be4 29. h4 1-0

[Event "FIRST SATURDAY  GM MARCH 2013"]
[Site "Budapest"]
[Date "2013.03.07"]
[Round "5.3"]
[White "Czebe, Attila"]
[Black "Kalegin, Evgenij"]
[Result "1-0"]
[WhiteElo "2492"]
[BlackElo "2462"]
[PlyCount "145"]
[EventDate "2013.03.02"]

1. e4 c5 2. Nf3 e6 3. d4 cxd4 4. Nxd4 a6 5. f4 Nc6 6. Nc3 Qc7 7. Be3 b5 8. Nxc6
Qxc6 9. Be2 Bb7 10. Bf3 Rc8 11. a3 Qc4 12. Qd4 Qxd4 13. Bxd4 Ne7 14. O-O-O Nc6
15. Bb6 d6 16. Kb1 Be7 17. Rhe1 Bd8 18. Bxd8 Rxd8 19. Rd3 h6 20. g3 Rg8 21. e5
dxe5 22. Rxd8+ Kxd8 23. fxe5 Ke7 24. a4 b4 25. Na2 a5 26. Nc1 Nd8 27. Be2 Bd5
28. Bb5 Nc6 29. c4 bxc3 30. bxc3 Rb8 31. Kc2 Na7 32. c4 Nxb5 33. cxb5 Rc8+ 34.
Kd2 Rc4 35. Nd3 Rxa4 36. b6 Kd8 37. Rf1 f5 38. exf6 gxf6 39. Rxf6 Ra1 40. Nf4
Rb1 41. Rxh6 Kc8 42. Nxe6 Rxb6 43. Rh8+ Kd7 44. Nf4 Bc6 45. Nd3 Kd6 46. Rh6+
Kd5 47. Kc3 Ra6 48. Rh5+ Kd6 49. Kd4 Ra8 50. Rh6+ Kc7 51. Kc5 Be4 52. Nf2 Bb1
53. Rb6 Rf8 54. Rxb1 Rxf2 55. Rh1 Kd7 56. Kd4 a4 57. Ke3 Rb2 58. h4 a3 59. Rd1+
Ke6 60. Rd4 a2 61. Ra4 Kf5 62. Kf3 Kg6 63. Ra6+ Kf5 64. Ra5+ Kg6 65. Kg4 Rb4+
66. Kh3 Rb2 67. h5+ Kf6 68. Kh4 Rc2 69. Ra6+ Kf5 70. g4+ Kf4 71. Ra4+ Kf3 72.
h6 Rc6 73. Kh5 1-0

[Event "FIRST SATURDAY  GM MARCH 2013"]
[Site "Budapest"]
[Date "2013.03.07"]
[Round "5.5"]
[White "Arjun, Bharat"]
[Black "Vishnu, Prasanna. V"]
[Result "1-0"]
[WhiteElo "2294"]
[BlackElo "2483"]
[PlyCount "85"]
[EventDate "2013.03.02"]

1. Nf3 Nf6 2. c4 g6 3. Nc3 Bg7 4. e4 d6 5. d4 O-O 6. Be2 e5 7. O-O Nc6 8. d5
Ne7 9. b4 Nh5 10. g3 f5 11. Ng5 Nf6 12. b5 h6 13. Ne6 Bxe6 14. dxe6 fxe4 15.
Qc2 Nf5 16. Be3 c6 17. bxc6 bxc6 18. Nxe4 Nxe4 19. Qxe4 d5 20. cxd5 cxd5 21.
Qa4 e4 22. Rad1 d4 23. Bc4 Kh7 24. Bc1 Nh4 25. Qc6 Nf3+ 26. Kg2 Ne5 27. Qxe4
Nxc4 28. e7 Qd7 29. exf8=N+ Rxf8 30. Rfe1 Nd6 31. Qe6 Qc6+ 32. Kg1 Re8 33. Qg4
h5 34. Qh3 Rxe1+ 35. Rxe1 d3 36. Qf1 Qc2 37. Rd1 Ne4 38. Rxd3 Qxa2 39. Be3 a5
40. Rd7 Qe6 41. Ra7 Nc3 42. Rxg7+ Kxg7 43. Bd4+ 1-0

[Event "FIRST SATURDAY  GM MARCH 2013"]
[Site "Budapest"]
[Date "2013.03.08"]
[Round "6.2"]
[White "Manca, Federico"]
[Black "Arjun, Bharat"]
[Result "1/2-1/2"]
[WhiteElo "2411"]
[BlackElo "2294"]
[PlyCount "45"]
[EventDate "2013.03.02"]

1. e4 c5 2. c3 Nf6 3. e5 Nd5 4. d4 cxd4 5. Nf3 e6 6. cxd4 d6 7. Bc4 Nc6 8. O-O
Be7 9. Qe2 Nb6 10. Bb3 O-O 11. Nc3 d5 12. Bc2 Bd7 13. Qd3 g6 14. a3 f5 15. exf6
Bxf6 16. Re1 Nc4 17. b3 Nd6 18. Bh6 Rf7 19. Qd2 Bh8 20. Bg5 Qf8 21. Bh6 Qd8 22.
Bg5 Qf8 23. Bh6 1/2-1/2

[Event "FIRST SATURDAY  GM MARCH 2013"]
[Site "Budapest"]
[Date "2013.03.08"]
[Round "6.3"]
[White "Kalegin, Evgenij"]
[Black "Varga, Zoltan"]
[Result "1/2-1/2"]
[WhiteElo "2462"]
[BlackElo "2446"]
[PlyCount "26"]
[EventDate "2013.03.02"]

1. e4 d5 2. exd5 Qxd5 3. Nc3 Qa5 4. d4 Nf6 5. Nf3 Bf5 6. Bd2 e6 7. Bc4 c6 8.
Qe2 Nbd7 9. O-O-O Bb4 10. Ne5 Nxe5 11. dxe5 Nd5 12. Nxd5 Bxd2+ 13. Qxd2 Qxd2+
1/2-1/2

[Event "FIRST SATURDAY  GM MARCH 2013"]
[Site "Budapest"]
[Date "2013.03.08"]
[Round "6.4"]
[White "Grimm, Daniel"]
[Black "Czebe, Attila"]
[Result "0-1"]
[WhiteElo "2221"]
[BlackElo "2492"]
[PlyCount "110"]
[EventDate "2013.03.02"]

1. e4 c5 2. Nf3 b6 3. d4 cxd4 4. Nxd4 Bb7 5. f3 a6 6. c4 e6 7. Nc3 Ne7 8. Be3
Ng6 9. Be2 Nc6 10. O-O Rb8 11. Qd2 Bc5 12. Nxc6 Bxc6 13. Bxc5 bxc5 14. f4 O-O
15. Rad1 f6 16. Rf2 Qc7 17. Bf1 Rbd8 18. Qd6 Qxd6 19. Rxd6 Kf7 20. g3 Ke7 21.
Rfd2 Nh8 22. Kf2 g5 23. Bg2 gxf4 24. gxf4 Rg8 25. Bf3 Ng6 26. Ke3 Nh4 27. Rd1
f5 28. Bh1 Rg6 29. R6d2 Rdg8 30. e5 Rg2 31. Bxg2 Nxg2+ 32. Rxg2 Rxg2 33. Rd2
Rg1 34. Rd1 Rg4 35. Rd2 Rh4 36. Rf2 h5 37. Ne2 Rg4 38. Nc3 Rg1 39. Ne2 Ra1 40.
a3 h4 41. Nc3 a5 42. Rd2 Rh1 43. Rf2 Kf7 44. Nb5 Kg6 45. Nd6 Kh5 46. Nf7 Kg4
47. Nh6+ Kh3 48. Nf7 Bg2 49. Ng5+ Kxh2 50. Rd2 Re1+ 51. Kf2 Rf1+ 52. Ke3 h3 53.
Rxd7 Kg1 54. Nxh3+ Bxh3 55. Rc7 Rd1 0-1

[Event "FIRST SATURDAY  GM MARCH 2013"]
[Site "Budapest"]
[Date "2013.03.08"]
[Round "6.5"]
[White "Gonda, Laszlo"]
[Black "Hujbert, Florian"]
[Result "1/2-1/2"]
[WhiteElo "2538"]
[BlackElo "2429"]
[PlyCount "78"]
[EventDate "2013.03.02"]

1. d4 Nf6 2. Nf3 g6 3. c4 Bg7 4. Nc3 O-O 5. e4 d6 6. Be3 Bg4 7. Be2 Nfd7 8. Rc1
e6 9. O-O c5 10. d5 exd5 11. exd5 Bxf3 12. Bxf3 f5 13. Qd2 Ne5 14. Be2 Nbd7 15.
h3 Re8 16. Rfe1 Nf6 17. f4 Nf7 18. Bf2 Qd7 19. Bd1 Rxe1+ 20. Bxe1 Qe7 21. Bf2
Ne4 22. Nxe4 Qxe4 23. Bf3 Qe7 24. Re1 Qf6 25. b3 Qc3 26. Qd1 a6 27. Re7 b5 28.
Be1 Qb2 29. Qe2 Qd4+ 30. Kh2 Qxf4+ 31. Bg3 Qc1 32. Re8+ Rxe8 33. Qxe8+ Bf8 34.
cxb5 axb5 35. Qxb5 Bh6 36. Qc4 Qd2 37. Qe2 Qc1 38. Qc4 Qa1 39. Qe2 Qc1 1/2-1/2

[Event "FIRST SATURDAY  GM MARCH 2013"]
[Site "Budapest"]
[Date "2013.03.09"]
[Round "7.1"]
[White "Hujbert, Florian"]
[Black "Duda, Jan-Krzysztof"]
[Result "1/2-1/2"]
[WhiteElo "2429"]
[BlackElo "2468"]
[PlyCount "78"]
[EventDate "2013.03.02"]

1. d4 Nf6 2. c4 e6 3. Nc3 Bb4 4. Bg5 h6 5. Bh4 O-O 6. e3 c5 7. Nge2 cxd4 8.
exd4 b6 9. a3 Be7 10. Bg3 Nh5 11. Nf4 Nxg3 12. hxg3 Nc6 13. d5 e5 14. Nd3 Na5
15. Nxe5 Bf6 16. Ng4 Re8+ 17. Be2 Bxc3+ 18. bxc3 Ba6 19. O-O Bxc4 20. Bxc4 Nxc4
21. Nxh6+ Kf8 22. Qd4 Rc8 23. Rfe1 Rxe1+ 24. Rxe1 Qf6 25. Qxf6 gxf6 26. Nf5 Rc5
27. Re4 Rxd5 28. Rxc4 Rxf5 29. Rc7 Ke7 30. Rxa7 Rc5 31. Ra6 Rxc3 32. Rxb6 Rxa3
33. Kf1 Ra2 34. g4 Ra4 35. f3 Ra2 36. f4 Rc2 37. Rb5 Ke6 38. g5 fxg5 39. Re5+
Kf6 1/2-1/2